000 00754nam a2200229 i 4500
001 66299
003 ES-MaACL
005 20230906165607.0
007 t|
008 040203s1977 sp ||||1| spa d
100 1 _aGaleski, Boguslaw.
_953385
245 1 0 _aSociología del campesinado /
_cBoguslaw Galeski ; prólogo a la edición castellana de Eduardo Sevilla ; [traduccion de Lluis Flaquer].
250 _a[1ª ed.].
260 _a[Barcelona] :
_bPenínsula,
_c[1977]
300 _a339 p. ;
_c20 cm.
490 1 _aHomo sociologicus ;
_v15
700 1 _aSevilla, Eduardo.
_9105932
700 1 _aFlaquer i Vilardebó, Lluís.
_951128
830 0 _aHomo sociologicus ;
_v15
_9177385
852 _aES-MaACL
_jA-6934
_bR.96093
999 _c66299
_d66299